| 000 | 00844nam a2200265Ia 4500 | ||
|---|---|---|---|
| 003 | OSt | ||
| 005 | 20221005060620.0 | ||
| 006 | a|||||r|||| 00| 0 | ||
| 007 | ta | ||
| 008 | 221004b |||||||| |||| 00| 0 eng d | ||
| 020 |
_a0415192013 (pbk) _c1285.56 |
||
| 024 | _a95706 | ||
| 037 |
_b0026, 22/12/2008, Independent Publishers Group _cTextual |
||
| 040 |
_aCRL _cCRL _beng |
||
| 041 |
_2eng _aeng |
||
| 082 | _aV1:19(X), N8 | ||
| 100 |
_aVan Der Pijl Kees _9599731 |
||
| 245 | 0 | _aTranslational classes and international relations | |
| 260 |
_aLondon _bRoutledge India _c1998 |
||
| 300 |
_axvi,192p. _ccm. |
||
| 490 | _aRIPE series in global political economy | ||
| 650 | _aHISTORY | ||
| 942 |
_hV1:19(X), N8 _cTEXL _2cc |
||
| 999 |
_c966994 _d966994 |
||